000 00536nam a22001937a 4500
003 MPLRDC
005 20220104113537.0
008 210129b ||||| |||| 00| 0 eng d
020 _a957-745-133-0
082 _a859.4 GLMJ v.5
100 _aSARAH STEWART 文、DAVID SMALL 图
245 _a小恩的秘密花园
_c郭恩惠 译
250 _a初版四刷
260 _a台湾
_b格林文化事业股份有限公司
_c2000
300 _b
490 _a格林名家绘本馆
650 _a儿童文学
942 _cBK
_o859.4 GLMJ v.5
999 _c476
_d466